駅名に「花」を含む駅 - Statistics

General Stats
  • This quiz has been taken 97 times
  • The average score is 17 of 45
Answer Stats
市区町村 Answer % Correct
花巻市 花巻
86%
花巻市 新花巻
83%
花巻市 花巻空港
72%
京都市 花園
70%
高松市 花園
70%
小平市 花小金井
69%
秩父市 御花畑
68%
東大阪市 東花園
55%
鹿角市 鹿角花輪
54%
葛飾区 お花茶屋
54%
小清水町 原生花園
49%
久留米市 花畑
49%
深谷市 ふかや花園
46%
一関市 花泉
45%
尼崎市 立花
45%
みどり市 花輪
44%
加須市 花崎
42%
東大阪市 河内花園
42%
世田谷区 芦花公園
41%
大阪市 花園町
41%
堺市 北花田
41%
神戸市 花山
41%
宝塚市 雲雀丘花屋敷
41%
横浜市 花月総持寺
39%
福井市 越前花堂
38%
福井市 花堂
34%
神戸市 三宮・花時計前
34%
中央市 東花輪
32%
芦別市 野花南
28%
宮古市 花原市
27%
神戸市 花隈
27%
高根沢町 下野花岡
25%
福島市 花水坂
23%
いすみ市 浪花
23%
松山市 いよ立花
23%
恵那市 花白温泉
20%
下松市 周防花岡
18%
宮崎市 木花
17%
五泉市 咲花
14%
堺市 花田口
14%
熊本市 花畑町
14%
福岡市 香椎花園前
11%
長野市 立ケ花
7%
桑名市 蓮花寺
7%
日高村 岡花
7%
No matching quizzes found
Score Distribution
Percent of People with Each Score
Percentile by Number Answered
Your Score History
You have not taken this quiz